Movies Quiz

Random Movies Quiz

Rio bird species Quiz Stats

 Plays Quiz not verified by Sporcle

Challenge
Share
Tweet
Embed
Score 0/10 Timer 05:00
0 Plays Today
Bird names Bird species % Correct
Bluspix macaw
86.4%
Jewelspix macaw
86.4%
Nicoyellow canary
72.7%
Rafaeltoco toucan
59.1%
Pedrored crested cardinal
54.5%
Chloecanada goose
54.5%
Alicecanada goose
54.5%
Evakeel billed toucan
54.5%
Kiporoseate spoonbill
45.5%
Nigelsulphur crested cockatoo
40.9%

You're not logged in!

Compare scores with friends on all Sporcle quizzes.
OR
Log In

You Might Also Like...

Show Comments

Extras

Created Aug 16, 2012ReportNominate
Tags:bird, rio

Top Quizzes Today


Score Distribution

Your Account Isn't Verified!

In order to create a playlist on Sporcle, you need to verify the email address you used during registration. Go to your Sporcle Settings to finish the process.

Report this User

Report this user for behavior that violates our Community Guidelines.

Details: